Statistics for Malaysia Country Quiz - Part 1

Click here to take the quiz!

General Stats

  • This quiz has been taken 443 times
    (442 since last reset)
  • The average score is 14 of 24

Answer Stats

Hint Answer % Correct
Official languageMalaysian
94%
National religionIslam
87%
Capital cityKuala Lumpur
87%
CurrencyRinggit
83%
Country that shares the longest border with MalaysiaIndonesia
71%
Country internet domain code.my
70%
Country that was once part of Malaysia before gaining its own independenceSingapore
70%
Country entirely surrounded by MalaysiaBrunei
66%
Country that gave independence to MalaysiaUnited Kingdom
65%
National animalMalayan Tiger
65%
Second most populous race in MalaysiaChinese
62%
National flowerHibiscus
59%
Second most widely spoken languageEnglish
59%
Connected to the mainland of Afro-Eurasia with this countryThailand
58%
Largest state by areaSarawak
54%
Island on which East Malaysia is situatedBorneo
54%
Most populous stateSelangor
52%
Highest mountain (4095m)Mount Kinabalu
49%
First European empire that colonized Peninsular MalaysiaPortuguese Empire
48%
Largest city in East MalaysiaKuching
48%
Second largest cityJohor Bahru
44%
Sea that separates Peninsular Malaysia (West Malaysia) and East MalaysiaSouth China Sea
38%
Most densely populated state (Excludes three Federal Territories)Penang
37%
Title of constitutional monarchYang di-Pertuan Agong
25%

Score Distribution

Percentile by Number Answered

Percent of People with Each Score

Your Score History

You have not taken this quiz since the last reset